Vyhliadka a vinárstvo, Pezinok
Uložené v:
| Hlavný autor: | |
|---|---|
| Ďalší autori: | |
| Médium: | Rukopis Kniha |
| Jazyk: | Slovak |
| Vydavateľské údaje: |
2024
|
| Predmet: | |
| On-line prístup: | http://is.stuba.sk/zp/portal_zp.pl?podrobnosti=161934 |
| Tagy: |
Žiadne tagy, Buďte prvý, kto otaguje tento záznam!
|
MARC
| LEADER | 00000ntm a22000003a 4500 | ||
|---|---|---|---|
| 001 | stuzp98848 | ||
| 003 | SK-STU | ||
| 005 | 20240615211243.0 | ||
| 007 | ta | ||
| 008 | 150427s2015----xo-----f-mn---000-0-slo-d | ||
| 040 | |a STU |b slo | ||
| 041 | 0 | |a slo | |
| 100 | 1 | |a Madarász, Oskár |u 058180 |4 aut |U FAD Fakulta architektúry a dizajnu |T FAD Ústav architektúry občianskych budov |X 110193 |U A8180 |Y 399 |7 110193 | |
| 242 | 0 | 1 | |a Lookout Point and Winery, Pezinok |y eng |
| 245 | 1 | 0 | |a Vyhliadka a vinárstvo, Pezinok |
| 260 | |c 2024 | ||
| 650 | 4 | |a morf |2 slo | |
| 650 | 4 | |a zárez |2 slo | |
| 650 | 4 | |a pavilón |2 slo | |
| 650 | 4 | |a vinárstvo |2 slo | |
| 650 | 4 | |a vyhliadka |2 slo | |
| 650 | 4 | |a morph |2 eng | |
| 650 | 4 | |a pavilion |2 eng | |
| 650 | 4 | |a winery |2 eng | |
| 650 | 4 | |a trench |2 eng | |
| 650 | 4 | |a lookout point |2 eng | |
| 700 | 1 | |a Šebo, Tomáš |4 ths |X 79065 |7 79065 | |
| 856 | 4 | |u http://is.stuba.sk/zp/portal_zp.pl?podrobnosti=161934 | |